| 000 | 00726cam a22002053a 4500 | ||
|---|---|---|---|
| 001 | 45205 | ||
| 003 | PGUSA | ||
| 005 | 20140828084032.0 | ||
| 008 | 140325s2014||||xxu|||||s|||||000 | eng d | ||
| 040 |
_aPGUSA _beng |
||
| 042 | _adc | ||
| 100 | 1 |
_aLeonard, Daniel, _d1740-1829 |
|
| 245 | 1 | 0 |
_aNovanglus, and Massachusettensis ; _bor, Political Essays, Published in the Years 1774 and 1775, on the Principal Points of Controversy, between Great Britain and Her Colonies _h[electronic resource] / _cDaniel Leonard |
| 260 |
_bProject Gutenberg, _c2014 |
||
| 506 | _aPublic domain in the USA. | ||
| 516 | _aElectronic text | ||
| 830 | 0 |
_aProject Gutenberg _v45205 |
|
| 856 | 4 | 0 | _uhttp://www.gutenberg.org/ebooks/45205 |
| 942 | _cEB | ||
| 999 |
_c274456 _d274456 |
||